Impacto económico en las familias, de la jornada escolar extendida, Centro Educativo Juan Francisco Alfonseca de Angelina, Distrito Educativo 16-02 Fantino, año escolar 2016-2017/,Ramón Andrés Peña, Federico Peña Rodríguez y Eridania González Suero (Registro nro. 18413)

Detalles MARC
000 -LEADER
fixed length control field 01149nam a22002291a 4500
001 - CONTROL NUMBER
control field 18413
003 - CONTROL NUMBER IDENTIFIER
control field OSt
005 - DATE AND TIME OF LATEST TRANSACTION
control field 20260204212404.0
008 - FIXED-LENGTH DATA ELEMENTS--GENERAL INFORMATION
fixed length control field 171120s2017||||dr ||||||b||||||||||spa||
090 ## - LOCALLY ASSIGNED LC-TYPE CALL NUMBER (OCLC); LOCAL CALL NUMBER (RLIN)
Classification number (OCLC) (R) ; Classification number, CALL (RLIN) (NR) EDU-CS 2017 P35
100 1# - ASIENTO PRINCIPAL -- NOMBRE PERSONAL
Personal name Peña,Ramón Andrés
Relator term sustentante
245 ## - TÍTULO PROPIAMENTE DICHO: SUBTÍTULO
Title Impacto económico en las familias, de la jornada escolar extendida, Centro Educativo Juan Francisco Alfonseca de Angelina, Distrito Educativo 16-02 Fantino, año escolar 2016-2017/,Ramón Andrés Peña, Federico Peña Rodríguez y Eridania González Suero
260 ## - PUBLICATION, DISTRIBUTION, ETC.
Place of publication, distribution, etc. Cotuí, República Dominicana :
Name of publisher, distributor, etc. UTECO,
Date of publication, distribution, etc. 2017
300 ## - PHYSICAL DESCRIPTION
Extensión 62 hojas :
Other physical details Ilustraciones ;
Dimensions 28cm.
502 ## - THESIS NOTE
Dissertation note Trabajo de grado (Licenciatura en Educación, Mención Sociales)--Universidad Tecnológica del Cibao Oriental, 2017
504 ## - BIBLIOGRAPHY, ETC. NOTE
Bibliography, etc. note Incluye referencia bibliográfica e índice<br/>
650 #4 - ASIENTO SECUNDARIO DE MATERIA -- TERMINO TOPICO
Asiento secundario de materia Impacto económico en las familias, de la jornada escolar extendida
700 1# - ASIENTO SECUNDARIO -- NOMBRE PERSONAL
Personal name Peña Rodríguez, Federico
Relator term sustentante
700 1# - ASIENTO SECUNDARIO -- NOMBRE PERSONAL
Personal name González Suero, Eridania
Relator term sustentante
830 ## - ASIENTO SECUNDARIO DE SERIE - TÍTULO UNIFORME
Uniform title Tesis y disertaciones académicas (Universidad Tecnológica del Cibao Oriental)
942 ## - ADDED ENTRY ELEMENTS (KOHA)
Source of classification or shelving scheme Clasificación Local
Koha item type Tesis
Existencias
Withdrawn status Lost status Source of classification or shelving scheme Damaged status Not for loan Collection code Home library Current library Shelving location Date acquired Inventory number Full call number Barcode Date last seen Copy number Price effective from Koha item type
    Clasificación Local   Préstamo Interno Trabajos de Grado e Investigación   Biblioteca UTECO En Estantería 09/09/2019 ET-2017-068 EDU-CS 2017 P35 ET-2017-068 09/09/2019 Ej.1 09/09/2019 Tesis
© 2021 Derechos Reservados UTECO - Teléfono: +1 809-585-2291 - Correo electrónico: biblioteca@uteco.edu.do​  
Código postal 43000 ​​
Dirección: Avenida Universitaria No. 100, 
Cotuí, Provincia Sánchez Ramírez, República Dominicana - RNC: 404-00059-6